Surnoms des nations à la Coupe d'Afrique des Nations 2021 - Statistiques

Statistiques générales
  • Ce quiz a été pris 223 fois
  • Le résultat moyen est 8 sur 24
Statistiques - réponses
Nation Surnom % Correct
Sénégal les Lions de la Terenga
89%
Maroc les Lions de l'Atlas
89%
Cameroun les Lions indomptables
89%
Côte d'Ivoire les Élephants
81%
Algérie les Fennecs
81%
Mali les Aigles
79%
Tunisie les Aigles de Carthage
74%
Egypte les Pharaons
63%
Ghana les Black Stars
43%
Nigéria les Super Eagles
31%
Burkina Faso les Étalons
24%
Gabon les Panthères
23%
Cap Vert les Requins bleus
18%
Gambie les Scorpions
11%
Ethiopie les Antilopes Walya
8%
Soudan les Faucons du désert
7%
Comores les Cœlacanthes
6%
Guinée le Sily National
6%
Zimbabwe les Guerriers
5%
Sierra Leone les Étoiles du Leone
3%
Malawi les Flammes
3%
Guinée-Bissau les Lycaons
1%
Mauritanie les Maroubitounes
1%
Guinée-Equatoriale l'Eclair National
0%
Aucun quiz correspondant
Distribution des résultats
% des personnes avec chaque résultat
Percentile par nombre de réponses
Votre historique - résultats
Vous n’avez pas pris ce quiz